000 00734nam a2200229 a 4500
001 49328
003 BD-RjUL
005 20211209054650.0
008 160820s1976 bg ||||| |||| 00| 0 ben d
035 _a(BD-RjUL)49447
040 _aBD-RjUL
_bben
_cBD-RjUL
041 _aben
082 _223
_a891.443
_bKHP 1976
100 1 0 _aখান, রাজিয়া
_9148113
245 1 0 _aপ্রতিচিত্র /
_cরাজিয়া খান
250 _a১ম সং.
260 _aঢাকা :
_bমুক্তধারা,
_c১৯৭৬
300 _a[৬] ১৭০ পৃ. ;
_c২১ সেমি.
650 _aবাংলা উপ্যাস
_9147227
650 _aBengali Fiction
_9148114
942 _2ddc
_cBK
999 _c49328
_d49328